| 000 | 01888 a2200181 4500 | ||
|---|---|---|---|
| 020 | _a8172249225 | ||
| 020 | _a9788172249229 | ||
| 090 |
_c2945 _d2945 |
||
| 100 | 1 | _aBarner, Robert. | |
| 245 | 1 | 0 |
_aExecutive resource management / _cRobert Barner. |
| 260 |
_a[S.l.] : _bJaico Publishing House, _c2005. |
||
| 300 | _a402 p. | ||
| 500 | _aHardcover. | ||
| 520 | _aMore than any other factor--capital, technology, or resources--executive ability is an organization's most precious asset and its most valuable competitive advantage. Written for human resource professionals, executive development specialists, and senior managers, Executive Resource Management introduces a proven executive resource planning process that can help any business create, develop, and sustain a high-performing executive leadership team. Using this new executive resource paradigm, an organization can link its business requirements to the key leadership abilities of its executives. Author Robert Barner outlines how to assess and select top-level personnel and manage relationships with external search firms that will improve the overall success rate of executive hiring ventures. He presents a practical approach for targeting the strengths of individual executives and offers an effective method for cultivating their long-term potential. Addressing the turbu! lent nature of the business marketplace, the book also shows how to maintain corporate performance objectives while overseeing the disruptive process of executive transition. Executive Resource Management is a must-have resource for anyone charged with ensuring an organization's competitive edge in the new century. | ||
| 856 | 4 | 0 |
_3Amazon.com _uhttp://www.amazon.com/exec/obidos/ASIN/8172249225/chopaconline-20 |
| 856 | 4 | 0 |
_3Amazon customer reviews _uhttp://www.chopac.org/cgi-bin/tools/azrev.pl?q=8172249225 |
| 942 |
_aNBS _cBK _k658.4092 BAR |
||
| 999 |
_c345435 _d345435 |
||